Essentials of organisational behaviour
Αποθηκεύτηκε σε:
| Κύριος συγγραφέας: | |
|---|---|
| Μορφή: | Βιβλίο |
| Γλώσσα: | English |
| Δημοσίευση: |
Harlow, England :
Financial Times/Prentice Hall,
2006
|
| Θέματα: | |
| Ετικέτες: |
Προσθήκη ετικέτας
Δεν υπάρχουν, Καταχωρήστε ετικέτα πρώτοι!
|
MARC
| LEADER | 00000nam a2200000 i 4500 | ||
|---|---|---|---|
| 001 | 1/52189 | ||
| 008 | 070823s2006 eng d | ||
| 020 | |a 0-273-70734-5 | ||
| 035 | |l 10089934 | ||
| 040 | |a GR-MY-UA |b gre |e aacr | ||
| 041 | 0 | |a eng | |
| 082 | 0 | |a 658 |2 (22) | |
| 100 | 1 | |a Mullins, Laurie J. | |
| 245 | 1 | 0 | |a Essentials of organisational behaviour / |c Laurie J. Mullins |
| 260 | |a Harlow, England : |b Financial Times/Prentice Hall, |c 2006 | ||
| 300 | |a xxiii, 544σ.; |b εγχρ. εικ.; |c 27εκ. | ||
| 504 | |a Περιλαμβάνει βιβλιογραφίες και ευρετήριο. | ||
| 650 | 0 | 0 | |a Organizational behavior. |
| 650 | 0 | 0 | |a Management. |
| 852 | |a INST |b CHIOS |e 20070823 |h 658 MUL |p 005200025585 |q 005200025585 |t BK |y 0 | ||
| 901 | |a BIBL2-2007-2 | ||
| 909 | |a Χ |b 138122 | ||
| 922 | |a 2ΕΛΗ |b 200707 |c ΕΠΕΑΕΚ2/ΤΔΕ |d ΠΑΠΑΣΩΤΗΡΙΟΥ | ||
| 970 | |a ΑΤΣΑΛΗ |b ΔΕΣΠΟΙΝΑ |z 2007/08/23 | ||